000 00866cam a22002291i 4500
003 SA-RiAUC
005 20260221132258.0
008 260203s1876 xx g 000 0 ara c
040 _aSA-JeALM
_bara
_cSA-RiAUC
_erda
082 0 4 _a910.4
_qSA-RiAUC
090 _aم ن 910.4
_bح س ي
100 1 _aالحسيني، محمد بن عبد الله
_eمؤلف.
245 1 0 _aرحلة الشتاء والصيف /
_cمحمد بن عبد الله الحسيني الموسوي.
264 1 _a[مكان النشر غير محدد] :
_bمكتبة مكة،
_c[بين 1900 و 1999]
300 _a142صفحة؛
_c29 سم.
336 _aنص
_btxt
_2rdacontent
_3كتاب
337 _aبدون وسيط
_bn
_2rdamedia
338 _aمجلد
_bnc
_2rdacarrier
650 7 _aالرحلات
_2aucsh
942 _2ddc
_cRBOOK COPY
_n0
949 _aSA-JeALM
_d260203
_umohamedma123
_n1
999 _c14445
_d14445